| 000 | 00696nam a22002297a 4500 | ||
|---|---|---|---|
| 999 |
_c16184 _d16184 |
||
| 003 | AR-CdUCM | ||
| 008 | 190404b ||||| |||| 00| 0 spa d | ||
| 020 | _a84-02-06706-9 | ||
| 040 |
_aMUNICIPALIDAD PROVINCIAL DEL CUSCO _cBIBLIOTECA MUNICIPAL DEL CUSCO |
||
| 082 |
_a818.5 / _bM647 |
||
| 100 |
_aMiller, Henry _929105 |
||
| 245 | _aTrópico de cáncer / | ||
| 260 |
_aBarcelona : _bBruguera, _c1980. |
||
| 300 |
_a346 páginas ; _c18.5 cm. |
||
| 505 | _aContenido: Trópico del cáncer. | ||
| 650 |
_aNovelas estadounidenses _9734 |
||
| 650 |
_aSiglo XX _98 |
||
| 650 |
_aNovelas _9218 |
||
| 700 |
_aManzano, Carlos (traductor) _935474 |
||
| 942 |
_2ddc _cLIBROS |
||
| 945 |
_arah _d02/05/2019 |
||